00489 a2200157 4500010001400000020002300014035001300037037001600050082001200066100002000078245004800098260004500146270009200191300002800283500002000311 aENG-88720 a8189973080c170.00 aEN-72253 bDBAD / PUB14a230.9541 aSardesai, V. S.1 aAmartya sen's hindu bashcby V. S. Sardesai aNew DelhibReadworthy Publicationsc2008 aA-18, Mohan Garden, Near Nawada Metro StaionbNew Delhie110059minfo@readworthypub.com ax, 118 p.c22 cm. (Pbk) aIncludes index